000
00309nam a22001337a 4500
008
170602b xxu||||| |||| 00| 0 eng d
020
_a
0815730713
041
_a
eng
080
_a
94(100)
100
_a
17
101
_a
SHH
245
_a
THE IRONY OF VIETNAM: THE SYSTEM WORKED
_c
GELB,L.H
942
_2
udc
_c
BK
999
_c
15711
_d
15711